000 00929nam a2200277 i 4500
001 13391
003 ES-MaACL
005 20240227155500.0
007 t|
008 970716s1996 sp ||||0| spa j
020 _a84-309-2889-8
040 _aM-BN
_bspa
_cM-BN
080 _a1 Kant, Immanuel
080 _a172.4
245 0 3 _aLa paz y el ideal cosmopolita de la ilustración
_b: a propósito del bicentenario de "Hacia la paz perpetua" de Kant /
_cRoberto R. Aramayo, Javier Muguerza, Concha Roldán (editores).
260 _aMadrid :
_bTecnos,
_c[1996]
300 _a374 p. ;
_c22 cm.
490 1 _aColección Ventana abierta
650 1 4 _aPaz.
_915898
700 1 _aRodríguez Aramayo, Roberto.
_998340
700 1 _aMuguerza, Javier.
_984074
700 1 _aRoldán Panadero, Concha.
_999150
830 0 _aVentana abierta
_9179022
852 _aES-MaACL
_jL-20729
_bR.125819
999 _c13391
_d13391